[Event "3.RSCO"]
[Site "Rostock"]
[Date "2003.??.??"]
[Round "6"]
[White "London 32 Bit, Mephisto"]
[Black "Risc 2, Mephisto"]
[Result "0-1"]
[WhiteElo "2227"]
[BlackElo "2245"]
[Annotator "Völschow,Michael"]
[PlyCount "108"]
[EventDate "2003.??.??"]
[EventRounds "10"]
[EventCountry "GER"]
[SourceDate "2003.03.19"]

1. e4 c5 2. Nf3 Nc6 3. d4 cxd4 4. Nxd4 e5 5. Nb5 a6 6. Nd6+ Bxd6 7. Qxd6 Qf6 8.
Qd1 Qg6 9. Nc3 d5 10. Nxd5 Qxe4+ 11. Be3 Nd4 12. Nc7+ Ke7 13. Rc1 Bg4 14. Qd3
Qxd3 {*} 15. Bxd3 Rd8 16. h3 {*} Bh5 17. Be4 $6 (17. f4 exf4 18. Bxf4) 17...
Nf6 18. Bg5 Kd6 19. Bxf6 gxf6 20. Nd5 f5 21. Nf6 fxe4 22. Nxh5 Ke7 23. Ng3 Rhg8
24. Kf1 Nxc2 25. Rxc2 Rxg3 26. Rc7+ Ke6 27. fxg3 Rd1+ 28. Kf2 Rxh1 29. Rxb7 Rb1
30. g4 a5 31. Rb5 a4 32. Rb4 f6 33. Kg3 Kd5 34. Kf2 Kc5 35. a3 Kd5 36. g3 Rh1
37. Rxa4 Rxh3 38. Kg2 Rh6 {+0,52} 39. b4 Rg6 40. Ra7 {-0,06} Rxg4 {+0,83} 41.
Rxh7 f5 42. Rh4 Rg6 43. Kf2 e3+ 44. Kf3 e4+ 45. Ke2 Rxg3 46. Rh5 Rf3 {+2,12}
47. b5 {-1,51} Ke5 (47... Kd4) 48. Rh2 f4 49. b6 Rg3 50. b7 Rg8 51. Rh7 {-0,75
???} Rg2+ 52. Kd1 {-2,09} Rb2 53. Kc1 Rb6 54. Re7+ Kf5 {+4,99} 0-1

[Event "3.RSCO"]
[Site "Rostock"]
[Date "2003.??.??"]
[Round "7"]
[White "Risc 2, Mephisto"]
[Black "London 32 Bit, Mephisto"]
[Result "0-1"]
[WhiteElo "2245"]
[BlackElo "2227"]
[Annotator "Völschow,Michael"]
[PlyCount "48"]
[EventDate "2003.??.??"]
[EventRounds "10"]
[EventCountry "GER"]
[SourceDate "2003.03.19"]

1. e4 e5 2. Nf3 Nc6 3. Bb5 a6 4. Ba4 Nf6 5. O-O Nxe4 6. d4 b5 7. Bb3 d5 8. dxe5
Be6 9. Qe2 Be7 10. Rd1 O-O 11. c4 bxc4 12. Bxc4 Qd7 13. Nc3 Nxc3 14. bxc3 f6
15. exf6 Bxf6 16. Ng5 Bxg5 17. Bxg5 h6 18. Be3 Ne5 19. Bb3 {*} Qd6 {*} 20. h3
Rae8 21. c4 $2 {Versperrt dem Läufer den Punkt d5.} Bxh3 $1 {-0,09 / Aber
Hallo, der London greift an!} 22. gxh3 $2 {Und der RISC läßt sich darauf ein.
Die offene g-Linie, f3, die halboffene f-Linie, der RISC muss blind sein, dass
kann nicht gut gehen.} (22. c5 Qg6 23. Bxd5+ Kh8 24. f3 Bf5) 22... Nf3+ {+2,30}
23. Kf1 {-1,83} Qh2 {+5,33} 24. Qd3 d4 0-1

[Event "3.RSCO"]
[Site "Rostock"]
[Date "2003.??.??"]
[Round "8"]
[White "London 32 Bit, Mephisto"]
[Black "Risc 2, Mephisto"]
[Result "1-0"]
[WhiteElo "2227"]
[BlackElo "2245"]
[Annotator "Völschow,Michael"]
[PlyCount "89"]
[EventDate "2003.??.??"]
[EventRounds "10"]
[EventCountry "GER"]
[SourceDate "2003.03.19"]

1. d4 Nf6 2. c4 e5 3. dxe5 Ng4 4. Bf4 Nc6 5. Nf3 Bb4+ 6. Nbd2 Qe7 7. e3 Ngxe5
8. Nxe5 Nxe5 9. Be2 d6 10. O-O O-O 11. Nb3 b6 12. a3 Bc5 {*} 13. Nxc5 bxc5 14.
b4 {*} Bb7 15. bxc5 {+0,81} dxc5 16. Qb3 Bc6 17. Rfd1 Rab8 18. Qc2 f5 19. Bg3
Be4 20. Qc3 Ng6 21. Re1 Rfd8 22. Rad1 Rxd1 23. Bxd1 Rd8 24. Be2 Bc6 25. Qa5 Ne5
26. Rb1 a6 27. Qxa6 Ra8 28. Qxa8+ {+1,39} Bxa8 29. Rb8+ Kf7 30. Rxa8 Qe6 31.
Ra5 Qd6 32. h4 Kf6 33. a4 c6 34. Bf1 Qf8 35. Ra7 h6 {-0,49} 36. a5 g5 37. a6 {
+1,54} Qg8 38. Rc7 {+1,78} Qa8 39. a7 {+2,15} Nf7 40. Be2 g4 {-1,16} 41. h5 Ke6
42. f3 {+2,87} (42. e4 $1 Ng5 (42... fxe4 43. Bxg4+ Kf6 44. Bh4+ Ke5 45. Rxf7)
43. Bd1 Nxe4 44. Ba4 Nxg3 45. fxg3 f4 46. Bxc6) 42... Ne5 43. fxg4 {+4,06} Qg8
44. Bxe5 Kxe5 45. Rxc6 {+9,02 und der RISC gab auf!} 1-0

[Event "3.RSCO"]
[Site "Rostock"]
[Date "2003.??.??"]
[Round "9"]
[White "Risc 2, Mephisto"]
[Black "London 32 Bit, Mephisto"]
[Result "0-1"]
[WhiteElo "2245"]
[BlackElo "2227"]
[Annotator "Völschow,Michael"]
[PlyCount "98"]
[EventDate "2003.??.??"]
[EventRounds "10"]
[EventCountry "GER"]
[SourceDate "2003.03.19"]

1. e4 e5 2. Nf3 Nc6 3. Bb5 a6 4. Ba4 Nf6 5. O-O Be7 6. Re1 b5 7. Bb3 O-O 8. c3
d5 9. exd5 Nxd5 10. Nxe5 Nxe5 11. Rxe5 c6 12. d4 Bd6 13. Re1 Qh4 14. g3 Qh3 15.
Be3 Bg4 16. Qd3 Rae8 17. Nd2 Re6 18. Bxd5 cxd5 19. a4 bxa4 {*} 20. c4 dxc4 21.
Qxc4 a5 {13:28 min} 22. Rxa4 Bb4 23. Rxb4 {*} axb4 24. f3 Bf5 25. Qxb4 {-0,24}
Rc8 {+0,54} 26. Nc4 Ree8 27. Bf4 Rxe1+ 28. Qxe1 Be6 29. Ne3 h6 30. d5 Bd7 31.
Qf1 Qh5 32. Qd1 Ra8 33. Bd6 Ba4 34. Qf1 Bb3 35. Bf4 Qg6 36. Qc1 f6 37. d6 Qd3
38. Qf1 {-0,65} Qd4 39. Qb1 {-0,98} Kh8 {+1,51} 40. Qg6 {-1,44 Der letzte
Versuch.} Qxb2 (40... Be6) 41. Nf1 Ra2 42. Qe8+ Bg8 43. Bd2 Qd4+ {+2,39} 44.
Be3 Qxd6 (44... Qd1) 45. Bf2 Qd1 46. Qe1 Qxf3 47. Nd2 Qd3 48. Nf1 Re2 49. Qb4 {
-6,48} Qf3 0-1

[Event "3.RSCO"]
[Site "Rostock"]
[Date "2003.??.??"]
[Round "10"]
[White "London 32 Bit, Mephisto"]
[Black "Risc 2, Mephisto"]
[Result "1/2-1/2"]
[WhiteElo "2227"]
[BlackElo "2245"]
[Annotator "Völschow,Michael"]
[PlyCount "102"]
[EventDate "2003.??.??"]
[EventRounds "10"]
[EventCountry "GER"]
[SourceDate "2003.03.19"]

{Kann der RISC 2 diesen Wettkampf doch nocht siegreich gestalten? Nach den
letzten 3 Partien sieht es nicht danach aus.} 1. e4 c5 2. Nf3 d6 3. d4 cxd4 4.
Nxd4 Nf6 5. Nc3 a6 6. Bg5 e6 7. f4 Qb6 8. Nb3 Nbd7 9. Qf3 Be7 10. O-O-O Qc7 11.
Bd3 b5 12. Bxf6 Nxf6 13. e5 Bb7 {*} 14. Qg3 dxe5 15. fxe5 Nh5 16. Qe3 {*} O-O
$6 (16... h6 17. h4 b4) 17. Be4 (17. g4 Bxh1 18. Rxh1 b4 19. Nd1 f6 20. gxh5
Qxe5 21. Bc4 Kh8 22. Re1 Qxh5 23. Qxe6) 17... Bxe4 18. Qxe4 Rad8 19. g4 {+0,30}
Bg5+ 20. Kb1 Rxd1+ 21. Rxd1 {+0,96 Der RISC wackelt schon wieder.} f5 {-0,86}
22. exf6 Nxf6 23. Qxe6+ Qf7 24. Qxa6 {+1,45} b4 25. Ne2 Nxg4 26. Rg1 h5 27. h3
Be3 28. Re1 Bf2 29. Rc1 Ne3 30. Ned4 Bg3 31. Qd3 Bf4 32. Nc6 {+1,60} Qc4 33.
Ne7+ Kf7 34. Qd7 Qc7 35. Qxc7 Bxc7 36. Nc6 Bd6 37. c3 bxc3 38. Rxc3 Re8 39. Rd3
Bf4 40. Nc5 g5 41. b4 Kg6 $6 (41... g4 42. hxg4 hxg4 43. Rd4 Bh2 44. Re4 Rxe4
45. Nxe4 Ke6 $11) 42. b5 $6 {+1,33} (42. Rd4 Nf5 43. Re4 Rxe4 44. Nxe4 Nd6 45.
Nc3 g4 46. hxg4 hxg4 47. a4) 42... g4 43. hxg4 hxg4 44. Rb3 Bd6 45. Nd3 Nc4 {
+0,05} (45... g3 46. Ne1 Nc4 47. Nf3 Re2 48. Nfe5+ Bxe5 49. Nxe5+ Nxe5 50.
Rxg3+) 46. Ka1 (46. Kc2 g3 47. Nde5+ Nxe5 48. Rxg3+ Kf5 49. Nxe5 Rxe5) 46...
Bf8 47. b6 g3 (47... Bg7+ 48. Kb1 Nd2+ 49. Kc2 Nxb3 50. Kxb3 Bf8 51. Nde5+ Kf5
52. Nxg4 Kxg4 53. b7 Bd6) 48. b7 Kh6 49. Nde5 Bg7 {0,00} 50. Rxg3 Nxe5 51. Rxg7
Nxc6 1/2-1/2

[Event "3.RSCO"]
[Site "Rostock"]
[Date "2003.??.??"]
[Round "1"]
[White "Risc 2, Mephisto"]
[Black "Berlin Pro, Mephisto"]
[Result "0-1"]
[WhiteElo "2245"]
[BlackElo "2254"]
[Annotator "Völschow,Michael"]
[PlyCount "147"]
[EventDate "2003.??.??"]
[EventRounds "10"]
[EventCountry "GER"]
[SourceDate "2003.03.19"]

1. d4 e6 2. e4 d5 3. Nc3 Nf6 4. Bg5 dxe4 5. Nxe4 {*} Be7 6. Bxf6 Bxf6 7. Nf3
Nd7 {*} 8. Be2 O-O 9. O-O Be7 10. Re1 b6 11. Bd3 Bb7 12. c4 c5 13. Bc2 Nf6 {+0,
39} 14. Qe2 cxd4 15. Rad1 Qc7 {+0,81} 16. Nxd4 a6 17. b3 {+0,02} Rad8 18. Nxf6+
Bxf6 19. Nf3 Qf4 20. Rd3 Rfe8 21. Red1 h6 22. Ne1 Kf8 23. Rxd8 Rxd8 24. Rxd8+
Bxd8 25. Nd3 Qg5 {+0,57} 26. f4 {-0,12} Qa5 27. a4 Qc3 28. Ne5 Bc7 29. Nd3 {-0,
40} g5 {+1,00} 30. fxg5 hxg5 31. Nf2 Bd6 (31... f5 32. Bd1 Ke7) 32. Qd1 Ke8 33.
Kh1 Qe5 34. Ng4 Qf4 {+1,51} 35. c5 bxc5 {+2,63 !!!} 36. Kg1 c4 37. b4 Bxb4 38.
Qe2 Bc5+ {+3,42} 39. Kh1 c3 40. h3 Ke7 41. Qe1 Qd2 42. Qxd2 cxd2 {+4,00} 43.
Ne5 {-2,82} f6 44. Nc4 Bb4 45. Bd1 Be4 46. Kh2 Bd3 47. Nb2 Be4 48. g3 Bd6 49.
Nc4 Bb4 50. Kg1 e5 51. Kf2 Bd3 52. Nb2 Bc5+ 53. Kg2 Be4+ 54. Bf3 Bc2 55. Bd1
Bb1 56. Nc4 Be4+ 57. Kh2 Bb4 58. g4 Bd3 59. Nb2 Bb1 60. Nc4 e4 61. Kg2 Ba2 62.
Ne3 Bc5 63. Nf5+ Ke6 64. Ng3 Ke5 65. Ne2 e3 {+5,09} 66. Kg3 Bd5 67. Kh2 Bf3 68.
Kg3 Bb7 69. h4 gxh4+ 70. Kxh4 Ke4 71. g5 fxg5+ 72. Kg4 Kd3 73. Kxg5 Bd6 74. Kg4
{und der RISC 2 gab auf.} 0-1

[Event "3.RSCO"]
[Site "Rostock"]
[Date "2003.??.??"]
[Round "2"]
[White "Berlin Pro, Mephisto"]
[Black "Risc 2, Mephisto"]
[Result "1-0"]
[WhiteElo "2254"]
[BlackElo "2245"]
[Annotator "Völschow,Michael"]
[PlyCount "75"]
[EventDate "2003.??.??"]
[EventRounds "10"]
[EventCountry "GER"]
[SourceDate "2003.03.19"]

1. e4 e5 2. Nf3 Nc6 3. Bb5 a6 4. Ba4 Nf6 5. O-O Be7 6. Re1 b5 7. Bb3 O-O 8. c3
d5 {Moin, Herr Marshall.} 9. exd5 Nxd5 10. Nxe5 Nxe5 11. Rxe5 c6 12. d4 Bd6 13.
Re1 Qh4 14. g3 Qh3 15. Be3 Bg4 16. Qd3 Rae8 17. Nd2 Re6 18. a4 f5 19. Qf1 Qh5
20. f4 bxa4 21. Rxa4 Rfe8 22. Qf2 g5 23. Rxa6 gxf4 24. gxf4 Kh8 {*} 25. Bxd5 {*
} cxd5 26. Nf1 {+0,81} Bh3 {-1,05} (26... Rg8 27. Ng3 Bf3 28. Ra8 Reg6 29.
Rxg8+ Rxg8) 27. Ng3 Qf7 (27... Qg4) 28. Bd2 {+1,12} Rxe1+ 29. Bxe1 Bxf4 {-0,71}
(29... Bf8) 30. Qxf4 {+1,30} Rxe1+ {-0,81} 31. Kf2 {+1,51} Re8 32. Qh6 Bg4 33.
h3 {+1,90} f4 34. hxg4 fxg3+ 35. Kxg3 Rf8 36. Qe3 {+2,30} Re8 37. Qf4 Qe7 38.
Qf6+ 1-0

[Event "3.RSCO"]
[Site "Rostock"]
[Date "2003.??.??"]
[Round "3"]
[White "Risc 2, Mephisto"]
[Black "Berlin Pro, Mephisto"]
[Result "1-0"]
[WhiteElo "2245"]
[BlackElo "2254"]
[Annotator "Völschow,Michael"]
[PlyCount "107"]
[EventDate "2003.??.??"]
[EventRounds "10"]
[EventCountry "GER"]
[SourceDate "2003.03.19"]

1. d4 Nf6 2. c4 c6 3. Nf3 d5 4. Nc3 e6 5. e3 Nbd7 6. Bd3 dxc4 7. Bxc4 b5 8. Bd3
Bb7 9. O-O b4 10. Ne4 Be7 11. Nxf6+ Nxf6 12. e4 O-O 13. e5 Nd7 14. Be4 {*} f5
15. exf6 Nxf6 {*} 16. Qb3 (16. Bc2 c5 17. Bb3 Bd5 18. dxc5 Bxc5 19. Bg5 Qb6 20.
Bxd5 Nxd5 21. Qd3 Rf5 22. Rae1 h6 23. Bd2 Raf8 24. Re2 R8f6) 16... Qd7 17. Re1
Nxe4 18. Rxe4 c5 19. Rxe6 Kh8 20. Bg5 $6 (20. Ne5) 20... Rxf3 {-0,21} 21. Rxe7
Qxe7 22. Bxe7 Rxb3 23. axb3 cxd4 24. Rd1 Rc8 25. f3 a5 26. Rxd4 Rc1+ 27. Kf2
Rc2+ 28. Kg3 h6 29. Rd8+ Kh7 30. Rd7 Bc6 31. Rc7 Kg8 32. Bd6 g5 33. h4 gxh4+
34. Kxh4 Rc1 35. Kg4 Rc2 36. Kg3 a4 37. bxa4 Bxa4 38. Rxc2 Bxc2 39. Bxb4 Kf7
40. Kf4 Ba4 41. Ke5 Bc6 42. Bc5 Kg6 43. b4 {+2,46} Kf7 {-1,69} 44. Kd6 Bb5 45.
Kc7 Kg6 46. Kb6 Bf1 47. g3 Be2 48. f4 Kf5 49. Be7 (49. b5 h5 50. Kc6 Bf3+ 51.
Kc7) 49... Ke6 50. Bf8 h5 51. b5 Kd7 52. f5 {+3,48} Bc4 53. f6 Ke6 54. Bg7 1-0

[Event "3.RSCO"]
[Site "Rostock"]
[Date "2003.??.??"]
[Round "4"]
[White "Berlin Pro, Mephisto"]
[Black "Risc 2, Mephisto"]
[Result "1/2-1/2"]
[WhiteElo "2254"]
[BlackElo "2245"]
[Annotator "Völschow,Michael"]
[PlyCount "128"]
[EventDate "2003.??.??"]
[EventRounds "10"]
[EventCountry "GER"]
[SourceDate "2003.03.19"]

1. e4 c5 2. Nf3 d6 3. d4 cxd4 4. Nxd4 Nf6 5. Nc3 a6 6. Bg5 e6 7. f4 Qb6 8. Nb3
Nbd7 9. Qf3 Be7 10. O-O-O Qc7 11. Bd3 b5 {*} 12. Rhe1 Bb7 13. a3 {*} O-O 14.
Qg3 e5 15. fxe5 {-0,21} dxe5 16. Nd5 Nxd5 17. exd5 {-0,48} Bxg5+ 18. Qxg5 Rfe8
19. d6 Qd8 20. Qf5 (20. Qxd8 Raxd8 21. Bf1) 20... g6 21. Qg4 Kh8 22. Qh3 f5 23.
g4 Qg5+ 24. Kb1 fxg4 25. Qg3 Bf3 26. Be2 Qf5 27. Rf1 Rac8 28. Rd2 Rf8 29. Rf2
Qf4 30. Rf1 {-0,69} Qxg3 31. hxg3 h5 32. a4 bxa4 33. Nc1 Nc5 {+1,61} 34. Rdd1
a3 35. Rfe1 axb2 36. Kxb2 Rb8+ 37. Ka1 Nd7 38. Rd2 Rb6 39. Rf1 Kg7 40. Rfd1 Rc8
41. Nb3 Bxe2 42. Rxe2 Rcc6 43. Rd5 Kf6 44. Ra5 Rxd6 45. Nd2 Rdc6 46. c4 Ke6 47.
Ka2 g5 48. Rh2 h4 49. gxh4 {-2,36} g3 50. Rh1 gxh4 51. Rxh4 Rd6 52. Nf3 Kf5 53.
c5 Rd5 54. Nd4+ exd4 55. Rh5+ {-0,81} Ke4 $2 {+1,86} (55... Kf6 56. Rxd5 g2 57.
cxb6 g1=Q 58. b7 Qg2+ 59. Kb3 Qf3+ 60. Kb2 Qc3+ 61. Ka2 Qc4+ 62. Ka3 Ke6 63.
Rg5 Kd6 64. Rad5+ Qxd5 65. Rxd5+ Kxd5 $19) 56. Rxd5 Rb5 57. Rxb5 Kxd5 58. c6+
Kxc6 59. Rb3 {-0,72} Nc5 (59... g2 60. Rg3 Kb5 61. Rxg2 Nc5 62. Ka3 a5 63. Rb2+
Kc4 64. Rc2+ Kd5 65. Rc1 $11) 60. Rxg3 Kd5 61. Kb2 Kc4 62. Rh3 {-0,57} a5 63.
Rh8 a4 64. Ka3 {0,00} Ne4 1/2-1/2

[Event "3.RSCO"]
[Site "Rostock"]
[Date "2003.??.??"]
[Round "5"]
[White "Risc 2, Mephisto"]
[Black "Berlin Pro, Mephisto"]
[Result "1/2-1/2"]
[WhiteElo "2245"]
[BlackElo "2254"]
[Annotator "Völschow,Michael"]
[PlyCount "71"]
[EventDate "2003.??.??"]
[EventRounds "10"]
[EventCountry "GER"]
[SourceDate "2003.03.19"]

1. e4 e5 2. Nf3 Nc6 3. Bc4 Nf6 4. Ng5 d5 5. exd5 Na5 6. Bb5+ c6 7. dxc6 bxc6 8.
Be2 h6 9. Nf3 e4 10. Ne5 Bd6 11. f4 exf3 12. Nxf3 O-O 13. O-O {*} Qe7 14. d3
Ng4 15. Re1 Re8 (15... Nc4 16. Bf1 Qf6 17. d4 Bxh2+ 18. Nxh2 Qf2+ 19. Kh1 Qh4)
16. Nc3 Bf5 17. h3 Ne3 18. Bxe3 Qxe3+ 19. Kh1 Bf4 20. b4 Nb7 21. b5 Na5 (21...
Qc5 22. bxc6 Nd6 23. Na4 Qxc6 24. c4 Bxh3 25. gxh3 Nf5 26. Rg1 Nd4 27. Bf1
Qxf3+ 28. Qxf3 Nxf3 29. Rg2) 22. bxc6 Qc5 23. Na4 Qf2 24. Bf1 Nxc6 25. Re2 {+0,
22} Qg3 {-0,15} 26. Qe1 Rxe2 27. Bxe2 Qxe1+ 28. Rxe1 Rb8 29. g4 Be6 30. c4 h5
31. gxh5 Bxh3 32. Nc3 Rb2 33. Bd1 Nd4 34. Re8+ Kh7 35. Nxd4 {0,00} Rh2+ 36. Kg1
1/2-1/2

[Event "3.RSCO"]
[Site "Rostock"]
[Date "2003.??.??"]
[Round "6"]
[White "Berlin Pro, Mephisto"]
[Black "Risc 2, Mephisto"]
[Result "1-0"]
[WhiteElo "2254"]
[BlackElo "2245"]
[Annotator "Völschow,Michael"]
[PlyCount "79"]
[EventDate "2003.??.??"]
[EventRounds "10"]
[EventCountry "GER"]
[SourceDate "2003.03.19"]

1. d4 Nf6 2. c4 e5 3. dxe5 Ng4 4. Bf4 Nc6 5. Nf3 Bb4+ 6. Nbd2 Qe7 7. e3 Ngxe5
8. Nxe5 Nxe5 9. Be2 d6 10. O-O O-O 11. Nb3 b6 12. a3 Bc5 {*} 13. Nxc5 bxc5 14.
b4 {*} Bb7 15. bxc5 dxc5 16. Qb3 {+0,75} Bc6 17. Qc2 f5 {-0,15} 18. Bg3 Rad8
19. Rad1 Qf6 20. Rxd8 Rxd8 21. h3 Qe6 22. Qc3 Re8 23. Qa5 Qe7 24. Rd1 Rb8 25.
Qa6 Be4 26. a4 Bb7 27. Qb5 Nc6 28. Rd5 {+2,03} g6 29. Qxc5 Qxc5 30. Rxc5 Rf8
31. Bf3 Rf6 32. a5 a6 33. Be5 Nxe5 34. Bxb7 Nd3 35. Rxc7 f4 36. Bd5+ Kh8 37. c5
fxe3 38. fxe3 Rf8 39. c6 Nc5 40. Re7 1-0

[Event "3.RSCO"]
[Site "Rostock"]
[Date "2003.??.??"]
[Round "7"]
[White "Risc 2, Mephisto"]
[Black "Berlin Pro, Mephisto"]
[Result "1/2-1/2"]
[WhiteElo "2245"]
[BlackElo "2254"]
[Annotator "Völschow,Michael"]
[PlyCount "116"]
[EventDate "2003.??.??"]
[EventRounds "10"]
[EventCountry "GER"]
[SourceDate "2003.03.19"]

1. d4 d5 2. c4 dxc4 3. Nf3 Nf6 4. e3 e6 5. Bxc4 c5 6. O-O a6 7. a4 Nc6 8. Qe2
Qc7 9. Nc3 Bd6 10. Rd1 O-O 11. h3 {*} h6 12. dxc5 Bxc5 13. e4 Nd7 14. Be3 b6 {*
} 15. Nd4 Nde5 16. Nxc6 Qxc6 17. Bb3 Bb7 18. Rac1 Rfd8 19. Bxc5 Rxd1+ 20. Nxd1
bxc5 21. f4 Ng6 22. g3 Qxe4 23. Qxe4 Bxe4 24. Rxc5 Rd8 25. Nf2 Bf5 26. Bc4 Rb8
27. Bxa6 Rxb2 28. Bc4 Kf8 29. Rc8+ Ke7 30. Rc7+ Ke8 31. a5 Rb1+ 32. Kg2 Rb2 33.
Kf3 {+1,17} Rb4 34. a6 Kd8 35. a7 Kxc7 36. a8=Q Rxc4 37. Qg8 Kb6 38. Qxg7 h5
39. h4 Rc7 40. Qd4+ Kc6 41. Kg2 Ne7 {-1,33} 42. Ne4 {+1,97} Bg6 43. Qc3+ Kd7
44. Nc5+ Kd6 45. Qe5+ Kc6 46. Kf2 Ra7 47. Ne4 Nf5 48. Qc5+ Kb7 49. Qb5+ Kc7 50.
Nc5 Ra2+ 51. Kg1 Ra1+ 52. Kh2 Rd1 53. Qa5+ Kc8 54. Qb6 Rd6 55. Qb5 Kc7 56. Qa5+
Kc6 57. Ne4 Rd5 58. Qa6+ Kc7 1/2-1/2

[Event "3.RSCO"]
[Site "Rostock"]
[Date "2003.??.??"]
[Round "8"]
[White "Berlin Pro, Mephisto"]
[Black "Risc 2, Mephisto"]
[Result "1/2-1/2"]
[WhiteElo "2254"]
[BlackElo "2245"]
[Annotator "Völschow,Michael"]
[PlyCount "116"]
[EventDate "2003.??.??"]
[EventRounds "10"]
[EventCountry "GER"]
[SourceDate "2003.03.19"]

1. e4 c5 2. c3 d5 3. exd5 Qxd5 4. d4 e6 5. Nf3 Nc6 6. Na3 Nf6 7. Be2 Qd8 8. Nc2
Be7 9. O-O O-O 10. Bg5 cxd4 11. Ncxd4 {*} Bd7 {*} 12. Rc1 Rc8 13. Nb5 Nd5 14.
Qd2 Qa5 15. c4 Bxg5 16. Qxg5 h6 17. Qg3 Nde7 18. Nd6 Nf5 19. Nxf5 exf5 20. a3
Be6 21. Rfd1 Rfd8 22. Rxd8+ Rxd8 23. Qf4 g5 24. Qe3 f4 25. Qc3 Qxc3 26. Rxc3 g4
27. Ne1 Ne5 28. b3 Bf5 29. f3 Rd2 30. Kf1 h5 31. g3 fxg3 32. hxg3 Kg7 33. c5
Nc6 34. b4 Nd4 35. Re3 Be6 36. Bd3 Kf6 37. fxg4 hxg4 38. Re4 Nf5 39. Rf4 Ra2
40. Bxf5 Bxf5 41. Nf3 gxf3 42. g4 Rxa3 43. Rxf5+ Ke7 44. Re5+ Kf8 45. Re1 Rb3
46. Re4 Rb2 47. Rf4 Kg7 48. Kg1 Kg6 49. g5 Kxg5 50. Rxf7 Rxb4 51. Rxf3 a5 52.
Rc3 a4 $2 (52... Kf5 53. Kf2 Ke4 54. Ke2 Kd5 55. c6 bxc6) 53. c6 bxc6 54. Rxc6
Rb2 55. Rc5+ Kg6 {+1,95} 56. Ra5 Ra2 57. Kf1 Kf6 58. Ke1 {-0,15} Ke6 {0,04}
1/2-1/2

[Event "3.RSCO"]
[Site "Rostock"]
[Date "2003.??.??"]
[Round "9"]
[White "Risc 2, Mephisto"]
[Black "Berlin Pro, Mephisto"]
[Result "1/2-1/2"]
[WhiteElo "2245"]
[BlackElo "2254"]
[Annotator "Völschow,Michael"]
[PlyCount "38"]
[EventDate "2003.??.??"]
[EventRounds "10"]
[EventCountry "GER"]
[SourceDate "2003.03.19"]

1. c4 e5 2. Nc3 Nf6 3. Nf3 Nc6 4. g3 d5 5. cxd5 Nxd5 6. Bg2 Nb6 7. O-O Be7 8.
a3 O-O 9. d3 Be6 10. b4 a5 11. b5 Nd4 12. Nd2 {*} c6 13. bxc6 Nxc6 14. Bb2 a4
15. Rc1 Ra5 {*} 16. Qc2 Nd4 17. Qd1 Nc6 18. Qc2 Nd4 19. Qd1 Nc6 1/2-1/2

[Event "3.RSCO"]
[Site "Rostock"]
[Date "2003.??.??"]
[Round "10"]
[White "Berlin Pro, Mephisto"]
[Black "Risc 2, Mephisto"]
[Result "1/2-1/2"]
[WhiteElo "2254"]
[BlackElo "2245"]
[Annotator "Völschow,Michael"]
[PlyCount "105"]
[EventDate "2003.??.??"]
[EventRounds "10"]
[EventCountry "GER"]
[SourceDate "2003.03.19"]

1. d4 d5 2. c4 c6 3. Nf3 Nf6 4. Nc3 dxc4 5. a4 Bf5 6. e3 e6 7. Bxc4 Bb4 8. O-O
O-O 9. Nh4 Nbd7 10. f3 Bg6 11. Nxg6 hxg6 {*} 12. Qc2 {*} a5 13. Bd2 c5 14. Ne2
Nb6 15. Bxb4 {+0,93} Nxc4 16. Qxc4 cxb4 17. Rfc1 Qd7 18. e4 Rfc8 19. Qb5 Qxb5
20. axb5 Rxc1+ 21. Nxc1 b6 22. Ne2 Rc8 23. Rc1 Rxc1+ 24. Nxc1 Ne8 25. Nd3 Nc7
26. Kf2 g5 27. h3 f6 28. Ke3 Kf7 29. b3 Nxb5 30. Nb2 e5 31. dxe5 fxe5 32. Nc4 {
-1,24} Ke6 {+1,36} 33. Kd3 Nd4 34. Nxb6 Nxb3 35. Kc4 Nd4 36. Kc5 Nc2 37. Na4
Ne1 38. Kb5 Nxg2 39. Kxa5 Nh4 40. Nc5+ Kd6 41. Kxb4 Nxf3 42. Nd3 Ng1 43. Nf2
Ne2 44. Kc4 Nf4 45. Kb4 Kd7 46. Kc3 Kc6 47. Kd2 Kd6 48. Ke3 Kd7 49. Kf3 Kc6 {
+0,48} 50. Kg4 {0,00} Kc5 51. Kxg5 Kd4 52. h4 Ke3 53. Ng4+ 1/2-1/2

[Event "3.RSCO"]
[Site "Rostock"]
[Date "2003.??.??"]
[Round "1"]
[White "Magellan, Mephisto"]
[Black "Berlin Pro, Mephisto"]
[Result "1-0"]
[WhiteElo "2195"]
[BlackElo "2254"]
[Annotator "Völschow,Michael"]
[PlyCount "70"]
[EventDate "2003.??.??"]
[EventRounds "10"]
[EventCountry "GER"]
[SourceDate "2003.03.19"]

1. e4 d6 2. d4 Nf6 3. Nc3 g6 4. Bg5 c6 5. Qd2 b5 6. Bd3 {*} h6 {*} 7. Bxf6 exf6
8. Nf3 Bg7 9. d5 b4 10. Ne2 c5 11. c3 bxc3 12. bxc3 O-O 13. O-O Nd7 14. Rab1
Ne5 15. Nxe5 fxe5 16. Rb2 Qh4 17. Rfb1 f5 18. exf5 (18. f3 c4 19. Bc2 Bd7 20.
Rb7) 18... e4 {+0,51} (18... Bxf5 $6 19. Bxf5 gxf5 20. Rb7 f4 21. Qd3 Qg5 22.
Rd7 Rfd8 23. Rbb7 Rxd7 24. Rxd7) 19. Bc2 gxf5 20. Ng3 Ba6 21. Bd1 Be5 (21...
Qg5 22. Qe1 e3 23. f3 Bd3 24. Bc2 c4 25. Ne2 f4) 22. Bb3 $2 {Zieht einen
wichtigen Verteidiger ab. Der Magellan scheint die Stellung nicht zu verstehen.
Durch den Abzug des Läufers, wird der Weg des f-Bauern frei.} f4 $1 {+0,75 -
Wer ist hier eigentlich der Angriffskünstler? Der Berlin Pro jedenfalls zeigt
sich voll auf der Höhe und opfert den e-Bauern, um die Königsstellung
aufzureißen und die Diagonale b8-h2 für den  Läufer zu öffnen.} 23. Nxe4 f3 24.
Ng3 fxg2 25. Kxg2 Qf6 26. Qe3 Bxc3 27. Rc2 Be5 {+1,09} (27... Bd4) 28. Ba4 Qg6
29. Rg1 Bb5 $4 {Der Berlin Pro greift voll daneben. Zuerst muss der König aus
der Schusslinie.} (29... Kh8) 30. Bxb5 Qxc2 {+1,45 ?} 31. Kh1 {Das
Taktikmonster erkennt sofort seine Chance.} Rf7 {mit 0,00 gespielt} 32. Bd3 {
+1,6 - So ein Geschenk läßt sich der Magellan nicht mehr nehmen.} Qxa2 {-0,24}
33. Nf5+ {+2,0} Kh8 {-3,33} 34. Ne7 Bg7 35. Qe4 Be5 {und der Berlin Pro gab
gleichzeitig auf.} 1-0

[Event "3.RSCO"]
[Site "Rostock"]
[Date "2003.??.??"]
[Round "2"]
[White "Berlin Pro, Mephisto"]
[Black "Magellan, Mephisto"]
[Result "1-0"]
[WhiteElo "2254"]
[BlackElo "2195"]
[Annotator "Völschow,Michael"]
[PlyCount "125"]
[EventDate "2003.??.??"]
[EventRounds "10"]
[EventCountry "GER"]
[SourceDate "2003.03.19"]

1. e4 e5 2. Nf3 Nc6 3. d4 exd4 4. Nxd4 Qf6 5. Nb5 Bc5 6. Qe2 Bb6 7. N1c3 Nge7
8. Be3 Ba5 9. O-O-O a6 {*} 10. Nd5 Nxd5 11. exd5 {*} Ne7 12. Nd4 O-O 13. Nb3
Bb6 14. Bxb6 cxb6 15. Qe3 a5 16. d6 Nf5 17. Qf4 a4 18. Nd4 {+0,96} Nxd6 {-0,1}
19. Qxf6 gxf6 20. Bd3 Kg7 21. a3 (21. Rhe1) 21... Ra5 22. Rhe1 Rg8 23. Ne2 Nb5
24. Ng3 d5 25. Nh5+ Kh6 26. Nf4 Nc7 27. Re7 Ne6 28. Nxe6 Bxe6 29. g3 Ra7 30.
Bb5 Kg6 31. Bc6 bxc6 32. Rxa7 b5 33. Re1 Rc8 34. c3 {+1,81} Kg5 35. h4+ Kg4 36.
Re3 f5 37. Kd2 c5 38. Rb7 f4 39. gxf4 Kxh4 40. Rxb5 Kg4 41. Ra5 Rb8 42. Kc1 Rc8
43. Rxa4 d4 44. Rg3+ Kxf4 45. cxd4 cxd4+ 46. Kd2 Rd8 47. Ra5 Bf5 48. Rb3 Rd7
49. Rb6 Bg4 50. Rh6 f5 51. Kd3 Bf3 52. Rh4+ Bg4 {-2.0} 53. Ra4 Re7 54. Rxd4+
Kf3 55. Rh2 h5 56. a4 Ra7 57. b3 h4 58. Rxh4 {+3.96} Kxf2 59. Rh2+ Kg3 60. Rh8
Ra5 61. Rf8 Ra6 62. Kc4 Rc6+ 63. Kb5 1-0